Medical Epidemiology (Record no. 471)

000 -LEADER
fixed length control field 00531nam a22002057a 4500
005 - DATE AND TIME OF LATEST TRANSACTION
control field 20210420062540.0
008 - FIXED-LENGTH DATA ELEMENTS--GENERAL INFORMATION
fixed length control field 201126b2001 ||||| |||| 00| 0 eng d
020 ## - INTERNATIONAL STANDARD BOOK NUMBER
International Standard Book Number 0071117466
040 ## - CATALOGING SOURCE
Transcribing agency DLC
041 ## - LANGUAGE CODE
Language code of text/sound track or separate title eng
080 ## - UNIVERSAL DECIMAL CLASSIFICATION NUMBER
Universal Decimal Classification number 616-036.2
Item number M-46
100 ## - MAIN ENTRY--PERSONAL NAME
9 (RLIN) 391
Personal name Greenberg,S.raymind
Relator term editor
245 ## - TITLE STATEMENT
Title Medical Epidemiology
250 ## - EDITION STATEMENT
Edition statement Fourth edition
260 ## - PUBLICATION, DISTRIBUTION, ETC.
Name of publisher, distributor, etc. McGraw-hill Companies
Date of publication, distribution, etc. 2001
300 ## - PHYSICAL DESCRIPTION
Extent 254
Other physical details ill
650 #0 - SUBJECT ADDED ENTRY--TOPICAL TERM
9 (RLIN) 57
Topical term or geographic name entry element EPIDEMIOLOGY
653 ## - INDEX TERM--UNCONTROLLED
Uncontrolled term ეპიდემიოლოგია
942 ## - ADDED ENTRY ELEMENTS (KOHA)
Source of classification or shelving scheme
Koha item type Books
Holdings
Withdrawn status Lost status Source of classification or shelving scheme Damaged status Not for loan Permanent location Current location Date acquired Inventory number Total Checkouts Full call number Barcode Date last seen Price effective from Koha item type
          Ken Walker International University Ken Walker International University 11/26/2020 109   616-036.2 M-46 109 11/26/2020 11/26/2020 Books

Powered by Koha